Upside Down Flags #10 - Statistics

General Stats
  • This quiz has been taken 41 times
  • The average score is 15 of 16
Answer Stats
Picture Answer % Correct
Jamaica
100%
Brazil
97%
Ireland
97%
Norway
97%
South Africa
97%
Turkey
97%
Somalia
94%
Bahamas
91%
Nicaragua
91%
Serbia
91%
Grenada
88%
Lesotho
88%
Trinidad and Tobago
88%
Gambia
85%
Solomon Islands
85%
Republic of the Congo
82%
No matching quizzes found
Score Distribution
Percent of People with Each Score
Percentile by Number Answered
Your Score History
You have not taken this quiz